000 01600nam a22002417a 4500
001 6455
003 FISKH
005 20250512151018.0
008 250505b cb ||||| |||| 00| 0 eng d
040 _aFISKH
_bkhr
_cFISKH
_dFISKH
050 _aPZ7
082 _a380
100 _aRithy, Chan
245 _aមូលដ្ឋានគ្រឺះនៃទំនាក់ទំនង​ /
_cច័ន្ទ ប្ញទ្ធី
260 _aភ្នំពេញ :
_c2000.
300 _a64 pages :
_billustrations ;
_c21 cm .
520 _aគឺជាផ្នែកមួយនៃការសិក្សាអំពីទំនាក់ទំនងអន្តរជាតិ និងវិស័យទំនាក់ទំនងសាធារណៈ។ សៀវភៅនេះផ្តោតលើការពិភាក្សាអំពីគោលការណ៍ និងមូលដ្ឋាននៃទំនាក់ទំនងដែលមានប្រសិទ្ធភាព និងអាចបង្កើតការយល់ដឹង និងការសហការល្អរវាងភាគីផ្សេងៗ។
520 _aIt is a part of the study of international relations and the field of public relations. This book focuses on discussing the principles and foundations of effective communication that can foster understanding and good cooperation between different parties
650 _aមូលដ្ឋានគ្រឺះនៃទំនាក់ទំនង
650 _aFoundation of communication
942 _2ddc
_cKHB
_n0
999 _c6455
_d6455